| 000 | 01346nam a2200361 a 4500 | ||
|---|---|---|---|
| 001 | ebr10066545 | ||
| 003 | CaPaEBR | ||
| 006 | m u | ||
| 007 | cr cn||||||||| | ||
| 008 | 010123s2001 caua sb 001 0 eng | ||
| 010 | _z 2001086785 | ||
| 020 | _z0761534318 | ||
| 040 |
_aCaPaEBR _cCaPaEBR |
||
| 035 | _a(OCoLC)559673583 | ||
| 050 | 1 | 4 |
_aHF5548.4.R2 _bN33 2001eb |
| 082 | 0 | 4 |
_a650/.0285/53769 _221 |
| 100 | 1 | _aNagpal, Arvind. | |
| 245 | 1 | 0 |
_aALE, EDI & IDoc technologies for SAP _h[electronic resource] / _cArvind Nagpal with John Pitlak. |
| 246 | 3 | _aALE, EDI and IDoc technologies for SAP | |
| 250 | _a2nd ed. | ||
| 260 |
_aRoseville, Calif. : _bPrima Tech, _cc2001. |
||
| 300 |
_axxxvi, 764 p. : _bill. |
||
| 504 | _aIncludes bibliographical references and index. | ||
| 533 |
_aElectronic reproduction. _bPalo Alto, Calif. : _cebrary, _d2013. _nAvailable via World Wide Web. _nAccess may be limited to ebrary affiliated libraries. |
||
| 630 | 0 | 0 | _aSAP R/3. |
| 650 | 0 |
_aBusiness _xComputer programs. |
|
| 650 | 0 | _aClient/server computing. | |
| 650 | 0 | _aElectronic data interchange. | |
| 655 | 7 |
_aElectronic books. _2local |
|
| 700 | 1 | _aPitlak, John. | |
| 710 | 2 | _aebrary, Inc. | |
| 856 | 4 | 0 |
_uhttp://site.ebrary.com/lib/rucke/Doc?id=10066545 _zAn electronic book accessible through the World Wide Web; click to view |
| 999 |
_c48638 _d48638 |
||